Hielos que no se derriten [recorte] /

Guardado en:
Formato: Libro
Publicado: Bah¡a Blanca : La Nueva Provincia, 1998
Etiquetas: Agregar Etiqueta
Sin Etiquetas, Sea el primero en etiquetar este registro!
LEADER 00383nam a22001335a 4500
001 CEM.cems010147
005 20060214000000.0
008 130507s1998##################000#0#####d
003 CEMS
082 0 4 |a F320.1 
245 0 0 |a Hielos que no se derriten [recorte] / 
260 |a Bah¡a Blanca :  |b La Nueva Provincia,  |c 1998 
300 |a 1 p.1 
859 |a CEMS  |b BIB. CEMS - 11 de abril  |h F320.1  |i 10  |p 1610.44  |t Ej.1